000 00570nam a2200193Ii 4500
003 JO-AjNU
008 230605s9999||||xx |||||||||||||| ||und||
040 _aJO-AjNU
_bara
_erda
_cJO-AjNU
041 _aara
050 1 4 _aPJ7864.A22 1939
100 3 _aتأليف حسين،طه,
_eauthor
_913978
245 0 0 _aالأيام، الجزء الثاني
264 3 1 _aد.م: د.ن، 1939
300 _aج2، 184ص
336 _atext
_btxt
_2rdacontent
337 _aunmediated
_bn
_2rdamedia
338 _avolume
_bnc
_2rdacarrier
650 4 _aالأدب العربي
_913979
999 _aA3618
_c7186
_d7186